000 00853 a2200217 4500
005 20110928170217.0
010 _aENG-90205
020 _a8190558150
_c455.00
035 _aEN-70738
035 _aG-001639
037 _bDBAD / PUB
082 1 4 _a301.153
100 1 _aRoy, Sanjay
_935005
245 1 _aFather of nation:
_cby Sanjay Roy
_bMahatma Gandhi/
260 _aDelhi
_bKhurana Book
_c2007
270 _aHouse No.568, Dr. Mukherji Nagar,
_bDelhi
_e110009
_cDelhi
300 _a192p.:
_c22cm (Hb)
_bb&w photos
942 _adpl
_cEN
_k301.153 / ROY
_2ddc
999 _c12472
_d12472